=LDR 00000nam 2200000 4500 =001 INLIS000000000042642 =005 20131008015438 =008 ***********************************Ind** =035 ##$$a0010-101300000000564 =041 ##$$a Ind =082 ##$$a 610.734 =090 ##$$a 610.734, Wah p =100 ##$$a Wahit Iqbal Mubarak =245 ##$$a Pengantar keperawatan komunitas, Wahit Iqbal Mubarak =260 ##$$a 2005 $b Jakarta =300 ##$$a ...Jil, 26 cm =650 ##$$a Perawat dan Perawatan =850 ##$$a NBPNMAT =990 ##$$a 21195874/BPAP-NTB/2014 =990 ##$$a 21400293/BPAP-NTB/2014 =990 ##$$a 0001/BPAP-NTB/20142014 =990 ##$$a 1318213182 =990 ##$$a 01201713182 =990 ##$$a 21195874/BPAP-NTB/2014 =990 ##$$a 21400293/BPAP-NTB/2014 =990 ##$$a 0001/BPAP-NTB/20142014